000 00757nam a22002177a 4500
999 _c371284
_d371284
008 201127b ||||| |||| 00| 0 eng d
040 _aDE-2950
_bger
_cDE-2950
_erda
041 _ager
245 _aZeichen auf Wachstum - auch für die Frankfurter Wohnqualität.
_bUnternehmensgruppe Krebs & Schulze realisiert Projekte in mehreren Stadtteilen.
264 _c2021
653 _aFrankfurt (Oder)
653 _aWohnungsbau
653 _aMarina City
653 _aPuschkinstraße
653 _aPflaumenweg
773 _dFrankfurt (Oder) Märkisches Verlags- und Druckhaus GmbH & Co KG
_tMärkische Oderzeitung
_g32. Jahrgang (2021) Nr. 301 vom 24.12.2021, S. 22
942 _cA